Wise blood /

Tallennettuna:
Bibliografiset tiedot
Päätekijä: O'Connor, Flannery
Aineistotyyppi: Kirja
Kieli:English
Julkaistu: London : Neville Spearman, 1955.
LEADER 00695nam a2200193 a 4500
001 c000080115
003 CARM
005 00000000000000.0
008 870417s1955 enk 00011 eng
019 1 |a 5464880  |5 LACONCORD2021 
035 |a (OCoLC)16474047  |5 LACONCORD2021 
050 0 0 |a PS3565.C57  |b W5 1955 
100 1 |a O'Connor, Flannery 
245 1 0 |a Wise blood /  |c Flannery O'Connor. 
260 |a London :  |b Neville Spearman,  |c 1955. 
300 |a 232 p. ;  |c 21 cm. 
852 8 |b CARM  |h A2:AG37B0  |i B02901  |p 0131946  |f BK 
999 f f |i 7adf2de3-053b-589a-aa91-44992b365db8  |s ffd9a348-90f2-5fb0-bd94-fec4de425c48 
952 f f |p Can circulate  |a CAVAL  |b CAVAL  |c CAVAL  |d CARM 1 Store  |e B02901  |f A2:AG37B0  |h Other scheme  |i book  |m 0131946